MARC

LEADER 00000nam0a2200000 4500
001 158121
005 20231031154238.0
035 |a (RuTPU)RU\TPU\book\171500 
090 |a 158121 
100 |a 20090418d1983 km y0rusy50 ca 
101 0 |a rus 
102 |a RU 
105 |a a z 001zy 
200 1 |a Трансформаторное масло  |f Р. А. Липштейн, М. И. Шахнович 
205 |a 3-е изд., перераб. и доп. 
210 |a Москва  |c Энергоатомиздат  |d 1983 
215 |a 296 с.  |c ил. 
320 |a Библиогр.: с. 285-294. 
610 1 |a трансформаторные масла 
610 1 |a химический состав 
610 1 |a производство 
610 1 |a окисляемость 
610 1 |a электрическое поле 
610 1 |a устойчивость 
610 1 |a электроизоляционные свойства 
610 1 |a вода 
610 1 |a газ 
610 1 |a растворимость 
610 1 |a теплопередача 
610 1 |a продукты окисления 
675 |a 621.315.615  |v 3 
700 1 |a Липштейн  |b Р. А.  |g Рафаил Александрович 
701 1 |a Шахнович  |b М. И.  |g Михаил Исаакович 
801 1 |a RU  |b 63413507  |c 20090418  |g PSBO 
801 2 |a RU  |b 63413507  |c 20151009  |g PSBO 
942 |c BK